000
00350pam a2200157a 44500
008
230515b1980 xxu||||| |||| 00| 0 eng d
020
_a
NULL
041
_a
ENGL
082
_a
005.7565/ JEN.
100
_a
JENINS D.
245
_a
DBASE III TIPS AND TRICKS
250
_a
N.D.
260
_a
NULL
_b
C.B.S
_c
1980
300
_a
160 PB
650
_a
NULL
999
_c
618145
_d
618145